सूर काव्य में मिथकीय तत्व / (Record no. 113083)

MARC details
000 -LEADER
fixed length control field 01145nam a22002657a 4500
005 - DATE AND TIME OF LATEST TRANSACTION
control field 20170124102948.0
010 ## - LIBRARY OF CONGRESS CONTROL NUMBER
LC control number B-071518
020 ## - INTERNATIONAL STANDARD BOOK NUMBER
Terms of availability 350.00
035 ## - SYSTEM CONTROL NUMBER
System control number B-071518
037 ## - SOURCE OF ACQUISITION
Source of stock number/acquisition Cen Lib/Ret
040 ## - CATALOGING SOURCE
Original cataloging agency DPL
Language of cataloging HN
082 ## - DEWEY DECIMAL CLASSIFICATION NUMBER
Classification number 821.08
Item number कुमार
100 ## - MAIN ENTRY--PERSONAL NAME
Personal name कुमार, महेश
9 (RLIN) 2125
245 ## - TITLE STATEMENT
Title सूर काव्य में मिथकीय तत्व /
Statement of responsibility, etc महेश कुमार
246 ## - VARYING FORM OF TITLE
Title proper/short title Soor kavya main mithkiy tatv /
Remainder of title by Mahesh Kumar
260 ## - PUBLICATION, DISTRIBUTION, ETC. (IMPRINT)
Name of publisher, distributor, etc शंकर पुब्लिकाशन
Date of publication, distribution, etc 2002
Place of publication, distribution, etc दिल्ली
270 ## - ADDRESS
City दिल्ली
Address सी-३४०/ए, गली न १३, भजनपुरा
Postal code 110053
300 ## - PHYSICAL DESCRIPTION
Extent xi,253पृ.
Dimensions 20सेमी(सजिल्द )
500 ## - GENERAL NOTE
General note सन्दर्भ सूची शामिल
650 ## - SUBJECT ADDED ENTRY--TOPICAL TERM
Topical term or geographic name as entry element हिंदी साहित्य
General subdivision
Geographic subdivision
9 (RLIN) 50533
650 ## - SUBJECT ADDED ENTRY--TOPICAL TERM
Topical term or geographic name as entry element हिंदी भक्तिकालीन साहित्य
9 (RLIN) 50534
650 ## - SUBJECT ADDED ENTRY--TOPICAL TERM
Topical term or geographic name as entry element Hindi literature
9 (RLIN) 50535
650 ## - SUBJECT ADDED ENTRY--TOPICAL TERM
Topical term or geographic name as entry element Bktikalin Hindi literature
9 (RLIN) 50536
942 ## - ADDED ENTRY ELEMENTS (KOHA)
Source of classification or shelving scheme Dewey Decimal Classification
Koha item type Hindi Books
Classification part 821.08
Call number suffix कुमार
Holdings
Withdrawn status Lost status Damaged status Not for loan Home library Current library Date acquired Source of acquisition Cost, normal purchase price Total Checkouts Full call number Barcode Date last seen Date checked out Copy number Cost, replacement price Price effective from Koha item type
        Central Library Central Library 11/08/2015 Cen Lib/Ret 350.00 1 821.08 कुमार B-071518 14/10/2019 30/09/2019 1 350.00 11/08/2015 Hindi Books

© Delhi Public Library
Hit Counter
free hit counter